Rozhodování bez pravidel? Privatizační projekty.
Kľúčovým momentom v procese veľkej privatizácie je schválenie privatizačného projektu FMF alebo príslušným republikovým ministerstvom. Významu tohto projektu nezodpovedá právna úprava vlastného rozhodovacieho procesu. Zdôvodnenie nevyhnutnosti úpravy rozhodovacieho procesu a pôsobnosti správneho por...
Salvato in:
| Autore principale: | |
|---|---|
| Natura: | Capitolo di libro |
| Lingua: | ceco |
| Soggetti: | |
| Tags: |
Nessun Tag, puoi essere il primo ad aggiungerne!!
|
MARC
| LEADER | 00000naa a2200000 4500 | ||
|---|---|---|---|
| 001 | r004589 | ||
| 005 | 20221125080225.1 | ||
| 041 | 0 | |a cze | |
| 044 | |a [CS] | ||
| 245 | 1 | 0 | |a Rozhodování bez pravidel? |b Privatizační projekty. |c Josef Bejček |
| 520 | |a Kľúčovým momentom v procese veľkej privatizácie je schválenie privatizačného projektu FMF alebo príslušným republikovým ministerstvom. Významu tohto projektu nezodpovedá právna úprava vlastného rozhodovacieho procesu. Zdôvodnenie nevyhnutnosti úpravy rozhodovacieho procesu a pôsobnosti správneho poriadku. | ||
| 610 | 2 | 0 | |a privatizácia |
| 610 | 2 | 0 | |a ČSFR |
| 610 | 2 | 0 | |a predpisy právne |
| 610 | 2 | 0 | |a rozhodovanie |
| 100 | 1 | |a Bejček, Josef | |